[Event "HUN-chT2 Breyer 2324"]
[Site "Hungary"]
[Date "2024.04.07"]
[Round "7.3"]
[White "Thierry, Edvard"]
[Black "Emmer, Adam"]
[Result "1-0"]
[WhiteElo "1947"]
[BlackElo "1969"]
[PlyCount "85"]
[EventDate "2023.10.08"]
[EventType "team-tourn"]
[EventRounds "9"]
[EventCountry "HUN"]
[SourceTitle "EXT 2025"]
[Source "ChessBase"]
[SourceDate "2024.10.14"]
[SourceVersion "1"]
[SourceVersionDate "2024.10.14"]
[SourceQuality "1"]
[WhiteTeam "Budapest MTK II"]
[BlackTeam "Zsambek"]
[WhiteTeamCountry "HUN"]
[BlackTeamCountry "HUN"]

1. e4 c6 2. d4 d5 3. f3 e6 4. c3 dxe4 5. fxe4 Qh4+ 6. Kd2 Qxe4 7. Nf3 Nf6 8. Bd3 Qd5 9. c4 Qa5+ 10. Nc3 Bd6 11. c5 Bf4+ 12. Kc2 Bxc1 13. Rxc1 Nbd7 14. a3 0-0 15. Re1 Re8 16. g4 Qc7 17. g5 Nd5 18. Ne4 Qf4 19. Nd6 Re7 20. Kb1 f5 21. Qe2 b6 22. b4 Rb8 23. Ne5 Nxe5 24. Qxe5 Qxe5 25. Rxe5 b5 26. Rce1 g6 27. Kc2 Bd7 28. Bxb5 cxb5 29. Rxd5 h6 30. h4 hxg5 31. hxg5 Rh7 32. Rde5 Rh2+ 33. R1e2 Rxe2+ 34. Rxe2 Kf8 35. Kd3 Ra8 36. d5 exd5 37. Kd4 Be8 38. Kxd5 Bf7+ 39. Kc6 a6 40. Kb7 Bd5+ 41. c6 Rd8 42. Kc7 Ra8 43. Kd7 1-0

[Event "HUN-chT2 Breyer 2324"]
[Site "Hungary"]
[Date "2024.03.03"]
[Round "5.4"]
[White "Thierry, Edvard"]
[Black "Szilagyi, Samuel Attila"]
[Result "1-0"]
[WhiteElo "1915"]
[BlackElo "1959"]
[PlyCount "83"]
[EventDate "2023.10.08"]
[EventType "team-tourn"]
[EventRounds "9"]
[EventCountry "HUN"]
[SourceTitle "EXT 2025"]
[Source "ChessBase"]
[SourceDate "2024.10.14"]
[SourceVersion "1"]
[SourceVersionDate "2024.10.14"]
[SourceQuality "1"]
[WhiteTeam "Budapest MTK II"]
[BlackTeam "Torokbalint"]
[WhiteTeamCountry "HUN"]
[BlackTeamCountry "HUN"]

1. e4 e5 2. Nc3 Nc6 3. Nf3 Nf6 4. d4 exd4 5. Nxd4 Nxd4 6. Qxd4 d6 7. Bg5 Be7 8. 0-0-0 0-0 9. Bc4 a6 10. e5 Ng4 11. Bxe7 Qxe7 12. exd6 cxd6 13. Qxd6 Qxd6 14. Rxd6 Nxf2 15. Rf1 Ng4 16. Rxf7 Ne5 17. Rxf8+ Kxf8 18. Bb3 Ke7 19. Rd1 Kf6 20. Rd8 Nc6 21. Nd5+ Kg6 22. Rd6+ Kg5 23. Nb6 Rb8 24. Nxc8 Rxc8 25. Rd7 b5 26. Rxg7+ Kh6 27. Rd7 a5 28. Be6 Rf8 29. Rd6 Ne5 30. Bd7+ Kg5 31. Bxb5 Rf2 32. Rd2 Rf5 33. c4 Rf7 34. Kc2 Rc7 35. Kc3 Ng4 36. h3 Nf6 37. Kb3 Ne4 38. Rd5+ Kf4 39. Ka4 Ra7 40. Bc6 Rc7 41. Kb5 a4 42. Rd4 1-0

[Event "HUN-chT2 Breyer 2324"]
[Site "Hungary"]
[Date "2023.10.29"]
[Round "2.2"]
[White "Horvath, Andras"]
[Black "Thierry, Edvard"]
[Result "1-0"]
[WhiteElo "2252"]
[BlackElo "1824"]
[PlyCount "49"]
[EventDate "2023.10.08"]
[EventType "team-tourn"]
[EventRounds "9"]
[EventCountry "HUN"]
[SourceTitle "EXT 2025"]
[Source "ChessBase"]
[SourceDate "2024.10.14"]
[SourceVersion "1"]
[SourceVersionDate "2024.10.14"]
[SourceQuality "1"]
[WhiteTeam "Barcza BEAC"]
[BlackTeam "Budapest MTK II"]
[WhiteTeamCountry "HUN"]
[BlackTeamCountry "HUN"]

1. d4 Nf6 2. c4 g6 3. Nf3 d6 4. g3 Bg7 5. Bg2 Nbd7 6. 0-0 0-0 7. Nc3 e5 8. e4 Ne8 9. Re1 a5 10. Bg5 Nef6 11. Qd2 c6 12. Rad1 Qc7 13. h3 Re8 14. Qc2 b5 15. dxe5 dxe5 16. cxb5 cxb5 17. Qd2 b4 18. Nb5 Qb6 19. Nd6 Re6 20. Be3 Qxd6 21. Qxd6 Rxd6 22. Rxd6 Nxe4 23. Nd2 Nxd2 24. Bxa8 Nc4 25. Bd5 1-0

[Event "HUN-chT2 Breyer 2223"]
[Site "Hungary"]
[Date "2022.10.30"]
[Round "2.5"]
[White "Thierry, Edvard"]
[Black "Banhazi, Istvan"]
[Result "1/2-1/2"]
[WhiteElo "1751"]
[BlackElo "1961"]
[PlyCount "62"]
[EventDate "2022.10.16"]
[EventType "team-tourn"]
[EventRounds "11"]
[EventCountry "HUN"]
[SourceTitle "EXT 2025"]
[Source "ChessBase"]
[SourceDate "2024.10.14"]
[SourceVersion "1"]
[SourceVersionDate "2024.10.14"]
[SourceQuality "1"]
[WhiteTeam "Budapest MTK II"]
[BlackTeam "Varosgazda Akademia"]
[WhiteTeamCountry "HUN"]
[BlackTeamCountry "HUN"]

1. e4 c5 2. Nf3 d6 3. d4 cxd4 4. Nxd4 Nf6 5. Nc3 a6 6. Be2 e5 7. Nb3 Be7 8. 0-0 0-0 9. Be3 Be6 10. f3 b5 11. Qd2 Nbd7 12. a3 Nb6 13. Na5 Rc8 14. f4 Nc4 15. Nxc4 Bxc4 16. fxe5 dxe5 17. Rad1 Qxd2 18. Rxd2 Bxe2 19. Rxe2 h6 20. a4 Ng4 21. Nd5 Bd6 22. axb5 axb5 23. Rd1 Nxe3 24. Nxe3 Bc5 25. c3 Rfd8 26. Kf1 Bxe3 27. Rxd8+ Rxd8 28. Rxe3 Rd1+ 29. Kf2 Kf8 30. Re2 Ke7 31. Ke3 Ke6 1/2-1/2

[Event "Budapest FS08 FM"]
[Site "Budapest"]
[Date "2020.08.02"]
[Round "2"]
[White "Melega, Michele"]
[Black "Thierry, Edvard"]
[Result "1-0"]
[WhiteElo "1602"]
[BlackElo "1631"]
[PlyCount "77"]
[EventDate "2020.08.01"]
[EventType "tourn"]
[EventRounds "9"]
[EventCountry "HUN"]
[SourceTitle "EXT 2021"]
[Source "ChessBase"]
[SourceDate "2020.10.23"]
[SourceVersion "1"]
[SourceVersionDate "2020.10.23"]
[SourceQuality "1"]

1. e4 e6 2. d4 d5 3. exd5 exd5 4. c4 Nf6 5. Nf3 c5 6. Be2 dxc4 7. Bxc4 Nc6 8. Ng5 Bg4 9. Bxf7+ Ke7 10. f3 Qxd4 11. Qe2+ Qe5 12. Qxe5+ Nxe5 13. fxg4 Nxf7 14. Nxf7 Kxf7 15. 0-0 Kg6 16. h3 c4 17. Be3 a6 18. Nc3 h6 19. Bd4 Rd8 20. Rad1 Bb4 21. Ne2 Nd5 22. h4 Rhf8 23. h5+ Kh7 24. Rxf8 Rxf8 25. Bxg7 Rg8 26. Bxh6 Nf6 27. g5 Nxh5 28. Rd7+ Kg6 29. Rxb7 Bc5+ 30. Kf1 Rd8 31. g4 Rd1+ 32. Kg2 Rd2 33. gxh5+ Kxh5 34. Kf3 Rd3+ 35. Ke4 Rd2 36. Nf4+ Kg4 37. g6 Bd4 38. Rd7 Rh2 39. Rxd4 1-0

[Event "Budapest FS08 FM"]
[Site "Budapest"]
[Date "2020.08.01"]
[Round "1"]
[White "Thierry, Edvard"]
[Black "Rinyu, Janos"]
[Result "1-0"]
[WhiteElo "1631"]
[BlackElo "1764"]
[PlyCount "49"]
[EventDate "2020.08.01"]
[EventType "tourn"]
[EventRounds "9"]
[EventCountry "HUN"]
[SourceTitle "EXT 2021"]
[Source "ChessBase"]
[SourceDate "2020.10.23"]
[SourceVersion "1"]
[SourceVersionDate "2020.10.23"]
[SourceQuality "1"]

1. e4 c5 2. Nf3 b6 3. d4 cxd4 4. Nxd4 Bb7 5. Nc3 a6 6. Be3 e6 7. a3 Be7 8. f4 d6 9. Qg4 Nf6 10. Qf3 Nbd7 11. Bd3 Rc8 12. g4 h5 13. g5 Ng4 14. Bd2 e5 15. Nf5 exf4 16. Qxf4 Nge5 17. Nxg7+ Kf8 18. Ne6+ Ke8 19. Nxd8 Bxg5 20. Qf2 Bh4 21. Qxh4 Nf3+ 22. Kf2 Nxh4 23. Nxb7 Rc6 24. Bxa6 Rg8 25. Rhg1 1-0